| 000 | 00329 a2200121 4500 | ||
|---|---|---|---|
| 020 | _a0534206468 | ||
| 082 | _a624.15 DAS | ||
| 100 | _aDas, Braja M., | ||
| 245 |
_aPrinciples of foundation engineering / _cBraja M. Das. |
||
| 250 | _a3rd ed. | ||
| 260 |
_aBoston : _bPWS Pub. Co., _cc1995. |
||
| 300 |
_axvii, 828 p. : _bill. ; _c25 cm. |
||
| 650 | _aFoundations. | ||
| 999 |
_c1072 _d1072 |
||